000 00226 a2200097 4500
001 28011
100 _aIdara-e-Farogh-e-Urdu
245 _aNaqoosh Iqbal No 2
260 _a
_bIdara-e-Farogh-e-Urdu
_c1977
090 _c18719
_d18719
942 _aNUST-CAE
_cM
_c9690
999 _c263084
_d263084